| 000 | 00807nam a2200253 i 4500 | ||
|---|---|---|---|
| 001 | 80765 | ||
| 003 | ES-MaACL | ||
| 005 | 20230906174307.0 | ||
| 007 | t| | ||
| 008 | 041029s1949 sp ||||1| spa d | ||
| 100 | 1 |
_aHomo, Léon. _964118 |
|
| 245 | 1 | 0 |
_aAugusto / _cLéon Homo ; [traducción del francés por Irene Andresco ; revisada por Miguel Dolç]. |
| 250 | _a1ª ed. | ||
| 260 |
_aBarcelona : _bDestino, _c1949 ( _fAgustín Núñez) |
||
| 300 |
_a314 p., 65 lám. ; _c22 cm. |
||
| 490 | 1 | _aSer o no ser | |
| 600 | 0 | 4 |
_aAugusto _cEmperador de Roma. _9165318 |
| 651 | 4 |
_aRoma- _xHistoria- _y30 a.C.-14 d.C., Augusto. _9172285 |
|
| 700 | 1 |
_aAndresco, Irene. _921625 |
|
| 700 | 1 |
_aDolç, Miguel. _945012 |
|
| 830 | 1 |
_aSer o no ser _9181425 |
|
| 852 |
_aES-MaACL _jB-2250 |
||
| 999 |
_c80765 _d80765 |
||